| 000 | 00849nam a2200193 4500 | ||
|---|---|---|---|
| 001 | 138612 | ||
| 003 | ES-MaACL | ||
| 005 | 20260127062546.0 | ||
| 007 | t| | ||
| 008 | 070214s1944 sp r ||||1| spa d | ||
| 100 | 1 |
_aSantamaría y de Rojas, Vicente, _cConde de Santa María de Paredes, _dn.1889 _9103316 |
|
| 245 | 1 | 0 |
_aDinamismo administrativo _b: discurso / _cpronunciado por Don Vicente Santamaría y de Rojas en el acto de su recepción en el Consejo Académico celebrado el día 28 de Abril de 1943. |
| 260 |
_aMadrid : _b[s. n.], _c1944 ( _fImp. Vda. de Galo Sèz) |
||
| 300 |
_a89 p. ; _c18 cm. |
||
| 500 | _aPrecede al tít.: Real Academia de Jurisprudencia y Legislación. | ||
| 700 |
_aReal Academia de Jurisprudencia y Legislación de España _9217612 |
||
| 852 |
_aES-MaACL _j1838-F-7 _bR.21284 |
||
| 999 |
_c138612 _d138612 |
||